| LEADER | 01978nam a2200253 4500 | ||
|---|---|---|---|
| 082 | |a 636 |b PH104S | ||
| 100 | |a Phạm Sỹ Tiệp | ||
| 245 | |a Sinh thái vật nuôi và ứng dụng trong chăn nuôi gia súc, gia cầm / |c Phạm Sỹ Tiệp, Nguyễn Đăng Vang . | ||
| 260 | |a H.: |b Lao động xã hội, |c 2006. | ||
| 300 | |a 108 tr.; |c 19 cm. | ||
| 520 | |a v.v... | ||
| 653 | |a Chăn nuôi | ||
| 942 | |2 ddc |c STK0 | ||
| 999 | |c 6229 |d 6229 | ||
| 952 | |0 0 |1 0 |2 ddc |4 0 |6 636_000000000000000_PH104S |7 0 |8 600 |9 57214 |a qbu |b qbu |c D3 |d 2015-01-16 |g 13000 |o 636 PH104S |p 6164.c1 |r 0000-00-00 |w 2015-01-16 |y STK0 | ||
| 952 | |0 0 |1 0 |2 ddc |4 0 |6 636_000000000000000_PH104S |7 0 |8 600 |9 57215 |a qbu |b qbu |c D3 |d 2015-01-16 |g 13000 |o 636 PH104S |p 6164.c2 |r 0000-00-00 |w 2015-01-16 |y STK0 | ||
| 952 | |0 0 |1 0 |2 ddc |4 0 |6 636_000000000000000_PH104S |7 0 |8 600 |9 57216 |a qbu |b qbu |c D3 |d 2015-01-16 |g 13000 |o 636 PH104S |p 6164.c3 |r 0000-00-00 |w 2015-01-16 |y STK0 | ||
| 952 | |0 0 |1 0 |2 ddc |4 0 |6 636_000000000000000_PH104S |7 0 |8 600 |9 57217 |a qbu |b qbu |c D3 |d 2015-01-16 |g 13000 |o 636 PH104S |p 6164.c4 |r 0000-00-00 |w 2015-01-16 |y STK0 | ||
| 952 | |0 0 |1 0 |2 ddc |4 0 |6 636_000000000000000_PH104S |7 0 |8 600 |9 57218 |a qbu |b qbu |c D3 |d 2015-01-16 |g 13000 |o 636 PH104S |p 6164.c5 |r 0000-00-00 |w 2015-01-16 |y STK0 | ||
| 952 | |0 0 |1 0 |2 ddc |4 0 |6 636_000000000000000_PH104S |7 0 |8 600 |9 57219 |a qbu |b qbu |c D3 |d 2015-01-16 |g 13000 |o 636 PH104S |p 6164.c6 |r 0000-00-00 |w 2015-01-16 |y STK0 | ||
| 952 | |0 0 |1 0 |2 ddc |4 0 |6 636_000000000000000_PH104S |7 0 |8 600 |9 57220 |a qbu |b qbu |c D3 |d 2015-01-16 |g 13000 |o 636 PH104S |p 6164.c7 |r 0000-00-00 |w 2015-01-16 |y STK0 | ||
| 952 | |0 0 |1 0 |2 ddc |4 0 |6 636_000000000000000_PH104S |7 0 |8 600 |9 57221 |a qbu |b qbu |c D3 |d 2015-01-16 |g 13000 |o 636 PH104S |p 6164.c8 |r 0000-00-00 |w 2015-01-16 |y STK0 | ||
| 952 | |0 0 |1 0 |2 ddc |4 0 |6 636_000000000000000_PH104S |7 0 |8 600 |9 57222 |a qbu |b qbu |c D3 |d 2015-01-16 |g 13000 |o 636 PH104S |p 6164.c9 |r 0000-00-00 |w 2015-01-16 |y STK0 | ||
| 952 | |0 0 |1 0 |2 ddc |4 0 |6 636_000000000000000_PH104S |7 0 |8 600 |9 57223 |a qbu |b qbu |c D3 |d 2015-01-16 |g 13000 |o 636 PH104S |p 6164.c10 |r 0000-00-00 |w 2015-01-16 |y STK0 | ||